[Event "Hoogeveen Open"]
[Site "Hoogeveen, Netherlands"]
[Date "2018.10.25"]
[Round "7.19"]
[White "Rakshitta, Ravi"]
[Black "Den Hartog, Marijn"]
[Result "1-0"]
[WhiteElo "2160"]
[BlackElo "2296"]

1. Nf3 {[%clk 01:29:19]} {[%emt 00:01:40]} Nf6 {[%clk 01:30:44]} {[%emt
00:00:16]} 2. g3 {[%clk 01:29:42]} {[%emt 00:00:07]} d5 {[%clk 01:31:03]}
{[%emt 00:00:11]} 3. Bg2 {[%clk 01:30:05]} {[%emt 00:00:07]} g6 {[%clk
01:31:18]} {[%emt 00:00:15]} 4. O-O {[%clk 01:29:58]} {[%emt 00:00:37]} Bg7
{[%clk 01:31:45]} {[%emt 00:00:03]} 5. d4 {[%clk 01:30:18]} {[%emt 00:00:10]}
O-O {[%clk 01:32:04]} {[%emt 00:00:10]} 6. c4 {[%clk 01:30:44]} {[%emt
00:00:05]} c6 {[%clk 01:32:27]} {[%emt 00:00:07]} 7. cxd5 {[%clk 01:30:21]}
{[%emt 00:00:53]} cxd5 {[%clk 01:32:53]} {[%emt 00:00:03]} 8. b3 {[%clk
01:27:04]} {[%emt 00:03:47]} Nc6 {[%clk 01:30:53]} {[%emt 00:02:29]} 9. Bb2
{[%clk 01:25:04]} {[%emt 00:10:45]} Qa5 {[%clk 01:17:52]} {[%emt 00:05:18]} 10.
Qd2 {[%clk 01:13:00]} {[%emt 00:12:34]} Qxd2 {[%clk 01:16:59]} {[%emt
00:01:22]} 11. Nbxd2 {[%clk 01:13:24]} {[%emt 00:00:07]} Be6 {[%clk 01:15:53]}
{[%emt 00:01:36]} 12. Rfc1 {[%clk 01:11:13]} {[%emt 00:02:40]} Rfc8 {[%clk
01:14:31]} {[%emt 00:01:52]} 13. a3 {[%clk 01:10:23]} {[%emt 00:01:22]} a5
{[%clk 01:10:34]} {[%emt 00:04:27]} 14. e3 {[%clk 01:09:26]} {[%emt 00:01:26]}
h6 {[%clk 01:05:41]} {[%emt 00:05:22]} 15. Bf1 {[%clk 01:09:27]} {[%emt
00:00:30]} Rcb8 {[%clk 00:56:04]} {[%emt 00:10:08]} 16. Bb5 {[%clk 01:04:17]}
{[%emt 00:05:38]} Na7 {[%clk 00:56:10]} {[%emt 00:00:24]} 17. Be2 {[%clk
01:04:41]} {[%emt 00:00:07]} b5 {[%clk 00:48:14]} {[%emt 00:08:27]} 18. Ne5
{[%clk 01:02:11]} {[%emt 00:02:58]} Nc8 {[%clk 00:39:40]} {[%emt 00:09:04]} 19.
Rc7 {[%clk 00:51:09]} {[%emt 00:11:33]} Ne8 {[%clk 00:35:21]} {[%emt 00:04:48]}
20. Rc5 {[%clk 00:51:38]} {[%emt 00:00:02]} Ncd6 {[%clk 00:34:24]} {[%emt
00:01:27]} 21. Nc6 {[%clk 00:48:45]} {[%emt 00:03:22]} Rb7 {[%clk 00:34:33]}
{[%emt 00:00:22]} 22. a4 {[%clk 00:42:02]} {[%emt 00:07:13]} bxa4 {[%clk
00:33:49]} {[%emt 00:01:14]} 23. Nxa5 {[%clk 00:40:35]} {[%emt 00:01:58]} Rbb8
{[%clk 00:23:18]} {[%emt 00:11:01]} 24. Rxa4 {[%clk 00:40:12]} {[%emt
00:00:52]} Ne4 {[%clk 00:23:40]} {[%emt 00:00:07]} 25. Nxe4 {[%clk 00:38:14]}
{[%emt 00:02:29]} dxe4 {[%clk 00:24:07]} {[%emt 00:00:03]} 26. Bc4 {[%clk
00:33:58]} {[%emt 00:04:46]} Bxc4 {[%clk 00:20:56]} {[%emt 00:03:40]} 27. Nxc4
{[%clk 00:34:22]} {[%emt 00:00:06]} Rxa4 {[%clk 00:17:52]} {[%emt 00:03:35]} 28.
bxa4 {[%clk 00:34:52]} {[%emt 00:00:01]} Nd6 {[%clk 00:18:08]} {[%emt
00:00:13]} 29. Nxd6 {[%clk 00:28:34]} {[%emt 00:06:47]} exd6 {[%clk 00:18:35]}
{[%emt 00:00:03]} 30. Rb5 {[%clk 00:28:52]} {[%emt 00:00:12]} Ra8 {[%clk
00:16:09]} {[%emt 00:02:56]} 31. a5 {[%clk 00:28:44]} {[%emt 00:00:39]} Kf8
{[%clk 00:15:23]} {[%emt 00:01:15]} 32. Ba3 {[%clk 00:27:49]} {[%emt 00:01:26]}
Ke7 {[%clk 00:15:04]} {[%emt 00:00:49]} 33. Bb4 {[%clk 00:28:06]} {[%emt
00:00:13]} Bf8 {[%clk 00:11:51]} {[%emt 00:03:43]} 34. d5 {[%clk 00:24:32]}
{[%emt 00:04:03]} Ra7 {[%clk 00:11:45]} {[%emt 00:00:37]} 35. Bc3 {[%clk
00:24:36]} {[%emt 00:00:26]} Kd8 {[%clk 00:10:25]} {[%emt 00:01:50]} 36. Bd4
{[%clk 00:22:31]} {[%emt 00:02:34]} Ra8 {[%clk 00:10:51]} {[%emt 00:00:05]} 37.
Rb7 {[%clk 00:22:09]} {[%emt 00:00:52]} Be7 {[%clk 00:10:13]} {[%emt 00:01:07]}
38. Ba7 {[%clk 00:13:03]} {[%emt 00:09:37]} Rc8 {[%clk 00:09:25]} {[%emt
00:01:17]} 39. a6 {[%clk 00:13:08]} {[%emt 00:00:25]} 1-0

[Event "Hoogeveen Open"]
[Site "Hoogeveen, Netherlands"]
[Date "2018.10.25"]
[Round "7.20"]
[White "Thrish, Karthik"]
[Black "Hamblok, Roel"]
[Result "0-1"]
[WhiteElo "2116"]
[BlackElo "2275"]

1. d4 {[%clk 01:30:58]} {[%emt 00:00:01]} Nf6 {[%clk 01:30:22]} {[%emt
00:00:38]} 2. Bf4 {[%clk 01:31:19]} {[%emt 00:00:09]} d5 {[%clk 01:30:25]}
{[%emt 00:00:27]} 3. e3 {[%clk 01:31:43]} {[%emt 00:00:06]} c5 {[%clk
01:30:29]} {[%emt 00:00:26]} 4. Nc3 {[%clk 01:32:09]} {[%emt 00:00:05]} cxd4
{[%clk 01:30:50]} {[%emt 00:00:08]} 5. exd4 {[%clk 01:32:33]} {[%emt 00:00:06]}
a6 {[%clk 01:31:16]} {[%emt 00:00:04]} 6. Nf3 {[%clk 01:30:45]} {[%emt
00:02:18]} Nc6 {[%clk 01:31:25]} {[%emt 00:00:21]} 7. Ne5 {[%clk 01:24:21]}
{[%emt 00:06:55]} e6 {[%emt 00:09:57]} 8. Nxc6 {[%clk 01:06:37]} {[%emt
00:10:38]} bxc6 {[%clk 01:29:46]} {[%emt 00:00:18]} 9. Na4 {[%clk 01:01:59]}
{[%emt 00:05:08]} Bd6 {[%clk 01:23:45]} {[%emt 00:06:31]} 10. Bxd6 {[%clk
00:56:07]} {[%emt 00:06:21]} Qxd6 {[%clk 01:22:43]} {[%emt 00:01:33]} 11. Bd3
{[%clk 00:51:26]} {[%emt 00:05:11]} O-O {[%clk 01:20:54]} {[%emt 00:02:18]} 12.
O-O {[%clk 00:51:07]} {[%emt 00:00:49]} Rb8 {[%clk 01:18:15]} {[%emt 00:03:09]}
13. f4 {[%clk 00:43:17]} {[%emt 00:08:20]} Nd7 {[%clk 01:13:39]} {[%emt
00:05:06]} 14. b3 {[%clk 00:38:35]} {[%emt 00:05:12]} c5 {[%clk 01:06:27]}
{[%emt 00:07:43]} 15. Nxc5 {[%clk 00:37:54]} {[%emt 00:01:11]} Nxc5 {[%clk
01:06:52]} {[%emt 00:00:05]} 16. dxc5 {[%clk 00:38:21]} {[%emt 00:00:03]} Qxc5+
{[%clk 01:07:15]} {[%emt 00:00:06]} 17. Kh1 {[%clk 00:38:47]} {[%emt 00:00:04]}
g6 {[%clk 01:07:03]} {[%emt 00:00:42]} 18. Qe2 {[%clk 00:33:14]} {[%emt
00:06:02]} d4 {[%clk 00:58:18]} {[%emt 00:09:16]} 19. Qe5 {[%clk 00:27:34]}
{[%emt 00:06:10]} Qb6 {[%clk 00:49:54]} {[%emt 00:08:54]} 20. Rae1 {[%clk
00:21:19]} {[%emt 00:06:45]} Bb7 {[%clk 00:45:51]} {[%emt 00:04:33]} 21. Qf6
{[%clk 00:15:55]} {[%emt 00:05:54]} Qd8 {[%clk 00:38:43]} {[%emt 00:07:39]} 22.
Qxd8 {[%clk 00:14:40]} {[%emt 00:01:45]} Rfxd8 {[%clk 00:38:44]} {[%emt
00:00:28]} 23. Re5 {[%clk 00:14:12]} {[%emt 00:00:58]} Bd5 {[%clk 00:31:12]}
{[%emt 00:08:03]} 24. Kg1 {[%clk 00:07:37]} {[%emt 00:07:04]} a5 {[%clk
00:29:48]} {[%emt 00:01:54]} 25. a4 {[%clk 00:07:08]} {[%emt 00:01:00]} Rbc8
{[%clk 00:29:06]} {[%emt 00:01:12]} 26. Rd1 {[%clk 00:05:02]} {[%emt 00:02:36]}
Rc7 {[%clk 00:26:02]} {[%emt 00:03:33]} 27. Kf2 {[%clk 00:04:15]} {[%emt
00:01:17]} Kg7 {[%clk 00:23:11]} {[%emt 00:03:22]} 28. Rd2 {[%clk 00:01:55]}
{[%emt 00:02:50]} h6 {[%clk 00:20:36]} {[%emt 00:03:05]} 29. Re1 {[%clk
00:01:24]} {[%emt 00:01:01]} Rdc8 {[%clk 00:17:00]} {[%emt 00:04:05]} 30. Be4
{[%clk 00:01:02]} {[%emt 00:00:52]} Bxe4 {[%clk 00:16:40]} {[%emt 00:00:50]} 31.
Rxe4 {[%clk 00:01:31]} {[%emt 00:00:02]} Rxc2 {[%clk 00:17:03]} {[%emt
00:00:06]} 32. Rexd4 {[%clk 00:01:58]} {[%emt 00:00:03]} R8c3 {[%clk 00:17:18]}
{[%emt 00:00:15]} 33. Rxc2 {[%clk 00:00:43]} {[%emt 00:01:46]} Rxc2+ {[%clk
00:17:43]} {[%emt 00:00:05]} 34. Kg1 {[%clk 00:00:38]} {[%emt 00:00:34]} Rc3
{[%clk 00:17:34]} {[%emt 00:00:39]} 35. b4 {[%clk 00:00:58]} {[%emt 00:00:11]}
axb4 {[%clk 00:17:33]} {[%emt 00:00:31]} 36. Rxb4 {[%clk 00:01:20]} {[%emt
00:00:07]} Rc2 {[%clk 00:14:04]} {[%emt 00:04:00]} 37. h3 {[%clk 00:01:13]}
{[%emt 00:00:37]} g5 {[%clk 00:12:55]} {[%emt 00:01:38]} 38. fxg5 {[%clk
00:01:10]} {[%emt 00:00:34]} hxg5 {[%clk 00:13:23]} {[%emt 00:00:02]} 39. h4
{[%clk 00:01:10]} {[%emt 00:00:30]} gxh4 {[%clk 00:12:45]} {[%emt 00:01:09]} 40.
Rxh4 {[%clk 00:01:12]} {[%emt 00:00:27]} Ra2 {[%clk 00:12:58]} {[%emt
00:00:17]} 41. Re4 {[%clk 00:17:54]} {[%emt 00:13:48]} Kf6 {[%clk 00:42:33]}
{[%emt 00:00:53]} 42. g4 {[%clk 00:06:43]} {[%emt 00:11:43]} e5 {[%clk
00:35:00]} {[%emt 00:08:03]} 43. Rb4 {[%clk 00:06:04]} {[%emt 00:01:10]} Kg5
{[%clk 00:32:55]} {[%emt 00:02:35]} 44. Rb7 {[%clk 00:04:40]} {[%emt 00:01:53]}
f6 {[%clk 00:29:57]} {[%emt 00:03:28]} 45. Rg7+ {[%clk 00:04:00]} {[%emt
00:01:10]} Kh6 {[%clk 00:27:39]} {[%emt 00:02:48]} 46. Ra7 {[%clk 00:03:16]}
{[%emt 00:01:15]} Rb2 {[%clk 00:25:24]} {[%emt 00:02:45]} 47. a5 {[%clk
00:01:00]} {[%emt 00:02:46]} Rb4 {[%clk 00:25:14]} {[%emt 00:00:40]} 48. a6
{[%clk 00:01:25]} {[%emt 00:00:05]} Rxg4+ {[%clk 00:25:28]} {[%emt 00:00:15]}
49. Kf2 {[%clk 00:01:31]} {[%emt 00:00:24]} Ra4 {[%clk 00:25:42]} {[%emt
00:00:16]} 50. Ra8 {[%clk 00:01:01]} {[%emt 00:01:00]} Kg5 {[%clk 00:25:48]}
{[%emt 00:00:24]} 51. Ke3 {[%clk 00:00:59]} {[%emt 00:00:33]} Kf5 {[%clk
00:25:59]} {[%emt 00:00:18]} 52. a7 {[%clk 00:00:47]} {[%emt 00:00:43]} Ra3+
{[%clk 00:26:17]} {[%emt 00:00:12]} 53. Ke2 {[%clk 00:00:37]} {[%emt 00:00:41]}
e4 {[%clk 00:19:39]} {[%emt 00:07:06]} 54. Kf2 {[%clk 00:00:33]} {[%emt
00:00:34]} Kf4 {[%clk 00:15:33]} {[%emt 00:04:36]} 55. Ke2 {[%clk 00:00:35]}
{[%emt 00:00:29]} f5 {[%clk 00:15:31]} {[%emt 00:00:31]} 56. Kf2 {[%clk
00:00:43]} {[%emt 00:00:22]} Ra2+ {[%clk 00:15:55]} {[%emt 00:00:06]} 57. Kg1
{[%clk 00:00:37]} {[%emt 00:00:36]} e3 {[%clk 00:16:00]} {[%emt 00:00:26]} 58.
Kf1 {[%clk 00:00:40]} {[%emt 00:00:26]} Kf3 {[%clk 00:16:04]} {[%emt 00:00:26]}
59. Kg1 {[%clk 00:01:05]} {[%emt 00:00:05]} e2 {[%clk 00:16:06]} {[%emt
00:00:28]} 60. Re8 {[%clk 00:01:14]} {[%emt 00:00:21]} Rxa7 {[%clk 00:16:27]}
{[%emt 00:00:09]} 61. Re5 {[%clk 00:01:32]} {[%emt 00:00:12]} f4 {[%clk
00:16:32]} {[%emt 00:00:26]} 62. Kh2 {[%clk 00:01:49]} {[%emt 00:00:12]} Kf2
{[%clk 00:16:50]} {[%emt 00:00:12]} 0-1

[Event "Hoogeveen Open"]
[Site "Hoogeveen, Netherlands"]
[Date "2018.10.25"]
[Round "7.21"]
[White "Elgersma, Simon"]
[Black "Vroombout, Enrico"]
[Result "0-1"]
[WhiteElo "2237"]
[BlackElo "2132"]

1. e4 {[%clk 01:30:55]} {[%emt 00:00:04]} e6 {[%clk 01:30:55]} {[%emt
00:00:06]} 2. d4 {[%clk 01:31:17]} {[%emt 00:00:07]} d5 {[%clk 01:31:22]}
{[%emt 00:00:04]} 3. Nd2 {[%clk 01:31:38]} {[%emt 00:00:08]} Nf6 {[%clk
01:31:46]} {[%emt 00:00:06]} 4. e5 {[%clk 01:32:01]} {[%emt 00:00:07]} Nfd7
{[%clk 01:32:13]} {[%emt 00:00:04]} 5. c3 {[%clk 01:32:07]} {[%emt 00:00:23]}
c5 {[%clk 01:32:40]} {[%emt 00:00:03]} 6. Bd3 {[%clk 01:32:27]} {[%emt
00:00:10]} Nc6 {[%clk 01:32:57]} {[%emt 00:00:13]} 7. Ngf3 {[%clk 01:32:51]}
{[%emt 00:00:06]} a5 {[%clk 01:13:44]} {[%emt 00:20:05]} 8. O-O {[%clk
01:24:03]} {[%emt 00:08:56]} a4 {[%clk 01:14:00]} {[%emt 00:00:15]} 9. Re1
{[%clk 01:13:37]} {[%emt 00:10:55]} cxd4 {[%clk 01:06:20]} {[%emt 00:08:11]} 10.
cxd4 {[%clk 01:12:53]} {[%emt 00:01:13]} Bb4 {[%clk 01:00:10]} {[%emt
00:06:41]} 11. a3 {[%clk 01:07:03]} {[%emt 00:06:19]} Be7 {[%clk 01:00:37]}
{[%emt 00:00:03]} 12. Nf1 {[%clk 00:59:00]} {[%emt 00:08:31]} Nb6 {[%clk
01:00:52]} {[%emt 00:00:16]} 13. Ng3 {[%clk 00:44:28]} {[%emt 00:15:02]} h5
{[%clk 00:53:23]} {[%emt 00:08:00]} 14. Ne2 {[%clk 00:38:30]} {[%emt 00:06:28]}
Na5 {[%clk 00:46:17]} {[%emt 00:07:37]} 15. Be3 {[%clk 00:33:47]} {[%emt
00:05:10]} Nb3 {[%clk 00:38:08]} {[%emt 00:08:41]} 16. Rb1 {[%clk 00:33:38]}
{[%emt 00:00:39]} Bd7 {[%clk 00:31:13]} {[%emt 00:07:25]} 17. Nc3 {[%clk
00:31:30]} {[%emt 00:02:38]} Bc6 {[%clk 00:27:41]} {[%emt 00:04:02]} 18. Qe2
{[%clk 00:25:22]} {[%emt 00:06:38]} Rc8 {[%clk 00:25:07]} {[%emt 00:03:04]} 19.
Red1 {[%clk 00:20:50]} {[%emt 00:05:02]} Bd7 {[%clk 00:09:04]} {[%emt
00:16:33]} 20. Nb5 {[%clk 00:13:09]} {[%emt 00:08:11]} Nc4 {[%clk 00:08:01]}
{[%emt 00:01:34]} 21. Bxc4 {[%clk 00:11:15]} {[%emt 00:02:23]} Rxc4 {[%clk
00:07:43]} {[%emt 00:00:48]} 22. Nd6+ {[%clk 00:11:26]} {[%emt 00:00:19]} Bxd6
{[%clk 00:08:01]} {[%emt 00:00:13]} 23. exd6 {[%clk 00:11:54]} {[%emt
00:00:01]} f6 {[%clk 00:07:03]} {[%emt 00:01:28]} 24. Nh4 {[%clk 00:09:58]}
{[%emt 00:02:26]} g5 {[%clk 00:06:23]} {[%emt 00:01:10]} 25. Qd3 {[%clk
00:05:57]} {[%emt 00:04:31]} gxh4 {[%clk 00:02:26]} {[%emt 00:04:27]} 26. Qg6+
{[%clk 00:06:20]} {[%emt 00:00:07]} Kf8 {[%clk 00:02:53]} {[%emt 00:00:04]} 27.
Bh6+ {[%clk 00:05:52]} {[%emt 00:00:57]} Rxh6 {[%clk 00:03:19]} {[%emt
00:00:04]} 28. Qxh6+ {[%clk 00:06:16]} {[%emt 00:00:06]} Kg8 {[%clk 00:03:38]}
{[%emt 00:00:11]} 29. Qg6+ {[%clk 00:05:18]} {[%emt 00:01:28]} Kf8 {[%clk
00:01:01]} {[%emt 00:03:07]} 30. Qxh5 {[%clk 00:02:04]} {[%emt 00:03:44]} Be8
{[%clk 00:00:44]} {[%emt 00:00:48]} 31. Qh8+ {[%clk 00:01:40]} {[%emt
00:00:53]} Kf7 {[%clk 00:01:11]} {[%emt 00:00:03]} 32. Qh7+ {[%clk 00:00:51]}
{[%emt 00:01:19]} Kf8 {[%clk 00:01:37]} {[%emt 00:00:05]} 33. Qh8+ {[%clk
00:00:44]} {[%emt 00:00:37]} Kf7 {[%clk 00:02:04]} {[%emt 00:00:03]} 34. Qh7+
{[%clk 00:00:34]} {[%emt 00:00:39]} Kf8 {[%clk 00:02:25]} {[%emt 00:00:09]} 35.
Rd3 {[%clk 00:01:01]} {[%emt 00:00:03]} Qxd6 {[%clk 00:01:44]} {[%emt
00:01:12]} 36. Rf3 {[%clk 00:01:30]} {[%emt 00:00:01]} f5 {[%clk 00:01:25]}
{[%emt 00:00:49]} 37. g4 {[%clk 00:01:45]} {[%emt 00:00:14]} Nxd4 {[%clk
00:01:12]} {[%emt 00:00:43]} 38. Rh3 {[%clk 00:00:50]} {[%emt 00:01:25]} fxg4
{[%clk 00:00:51]} {[%emt 00:00:52]} 39. Qh8+ {[%clk 00:00:33]} {[%emt
00:00:45]} Ke7 {[%clk 00:00:46]} {[%emt 00:00:36]} 40. Qxh4+ {[%clk 00:00:43]}
{[%emt 00:00:20]} Kd7 {[%clk 00:01:01]} {[%emt 00:00:15]} 41. Qxg4 {[%clk
00:28:07]} {[%emt 00:03:06]} Qf4 {[%clk 00:16:37]} {[%emt 00:14:54]} 42. Rh7+
{[%clk 00:22:52]} {[%emt 00:05:44]} Kc6 {[%clk 00:15:09]} {[%emt 00:01:59]} 43.
Qg7 {[%clk 00:20:36]} {[%emt 00:02:45]} Qg5+ {[%clk 00:14:56]} {[%emt
00:00:44]} 44. Qxg5 {[%clk 00:17:39]} {[%emt 00:03:26]} Nf3+ {[%clk 00:15:24]}
{[%emt 00:00:03]} 45. Kg2 {[%clk 00:17:43]} {[%emt 00:00:25]} Nxg5 {[%clk
00:15:51]} {[%emt 00:00:04]} 46. Rh8 {[%clk 00:18:04]} {[%emt 00:00:08]} Bg6
{[%clk 00:12:12]} {[%emt 00:04:10]} 47. Re1 {[%clk 00:17:08]} {[%emt 00:01:26]}
Rg4+ {[%clk 00:12:28]} {[%emt 00:00:15]} 48. Kh1 {[%clk 00:16:17]} {[%emt
00:01:19]} Be4+ {[%clk 00:12:44]} {[%emt 00:00:14]} 49. Rxe4 {[%clk 00:16:40]}
{[%emt 00:00:08]} Nxe4 {[%clk 00:12:25]} {[%emt 00:00:50]} 50. f3 {[%clk
00:16:08]} {[%emt 00:01:01]} Nf2# {[%clk 00:12:51]} {[%emt 00:00:04]} 0-1

[Event "Hoogeveen Open"]
[Site "Hoogeveen, Netherlands"]
[Date "2018.10.25"]
[Round "7.22"]
[White "De Boer, Bas"]
[Black "Kokje, Joris"]
[Result "1/2-1/2"]
[WhiteElo "2102"]
[BlackElo "2232"]

1. d4 {[%clk 01:30:57]} {[%emt 00:00:02]} f5 {[%clk 01:30:55]} {[%emt
00:00:05]} 2. g3 {[%clk 01:31:20]} {[%emt 00:00:06]} Nf6 {[%clk 01:31:20]}
{[%emt 00:00:06]} 3. Bg2 {[%clk 01:31:46]} {[%emt 00:00:04]} g6 {[%clk
01:31:44]} {[%emt 00:00:07]} 4. Nf3 {[%clk 01:32:10]} {[%emt 00:00:05]} Bg7
{[%clk 01:32:10]} {[%emt 00:00:04]} 5. O-O {[%clk 01:32:32]} {[%emt 00:00:08]}
d6 {[%clk 01:32:30]} {[%emt 00:00:10]} 6. b3 {[%clk 01:32:38]} {[%emt
00:00:25]} O-O {[%clk 01:32:36]} {[%emt 00:00:23]} 7. Bb2 {[%clk 01:33:00]}
{[%emt 00:00:07]} c6 {[%clk 01:33:01]} {[%emt 00:00:07]} 8. c4 {[%clk
01:31:49]} {[%emt 00:01:41]} a5 {[%clk 01:33:09]} {[%emt 00:00:22]} 9. Nbd2
{[%clk 01:29:27]} {[%emt 00:02:51]} Qc7 {[%clk 01:33:03]} {[%emt 00:00:37]} 10.
Qc2 {[%clk 01:26:00]} {[%emt 00:03:56]} Na6 {[%clk 01:31:01]} {[%emt 00:02:32]}
11. a3 {[%clk 01:17:05]} {[%emt 00:09:25]} Re8 {[%clk 01:29:19]} {[%emt
00:02:12]} 12. e4 {[%clk 01:10:29]} {[%emt 00:07:05]} fxe4 {[%clk 01:19:24]}
{[%emt 00:10:26]} 13. Nxe4 {[%clk 01:10:23]} {[%emt 00:00:35]} Nxe4 {[%clk
01:19:34]} {[%emt 00:00:21]} 14. Qxe4 {[%clk 01:10:46]} {[%emt 00:00:08]} Bf5
{[%clk 01:18:46]} {[%emt 00:01:17]} 15. Qe3 {[%clk 01:09:49]} {[%emt 00:01:26]}
c5 {[%clk 01:14:40]} {[%emt 00:04:38]} 16. Ng5 {[%clk 01:05:09]} {[%emt
00:05:08]} cxd4 {[%clk 01:08:06]} {[%emt 00:07:05]} 17. Bd5+ {[%clk 00:49:29]}
{[%emt 00:16:10]} e6 {[%clk 01:05:19]} {[%emt 00:03:17]} 18. Nxe6 {[%clk
00:49:23]} {[%emt 00:00:36]} Bxe6 {[%clk 01:05:38]} {[%emt 00:00:11]} 19. Bxe6+
{[%clk 00:49:43]} {[%emt 00:00:10]} Kh8 {[%clk 01:05:50]} {[%emt 00:00:18]} 20.
Bxd4 {[%clk 00:50:00]} {[%emt 00:00:14]} Nc5 {[%clk 01:05:56]} {[%emt
00:00:24]} 21. Bxc5 {[%clk 00:49:26]} {[%emt 00:01:04]} Bxa1 {[%clk 01:05:46]}
{[%emt 00:00:39]} 22. Bb6 {[%clk 00:45:44]} {[%emt 00:04:11]} Qe7 {[%clk
01:05:21]} {[%emt 00:00:57]} 23. Bd5 {[%clk 00:43:37]} {[%emt 00:02:36]} Qg7
{[%clk 01:03:07]} {[%emt 00:02:44]} 24. Qd3 {[%clk 00:41:45]} {[%emt 00:02:21]}
Be5 {[%clk 00:59:29]} {[%emt 00:04:09]} 25. h4 {[%clk 00:37:35]} {[%emt
00:04:38]} Re7 {[%clk 00:54:13]} {[%emt 00:05:47]} 26. Kg2 {[%clk 00:37:19]}
{[%emt 00:00:46]} a4 {[%clk 00:52:02]} {[%emt 00:02:43]} 27. b4 {[%clk
00:36:15]} {[%emt 00:01:35]} Rf8 {[%clk 00:48:04]} {[%emt 00:04:27]} 28. Be3
{[%clk 00:34:30]} {[%emt 00:02:13]} Rfe8 {[%clk 00:46:36]} {[%emt 00:01:59]} 29.
Bg5 {[%clk 00:31:52]} {[%emt 00:03:08]} Bf6 {[%clk 00:46:39]} {[%emt 00:00:28]}
30. Be3 {[%clk 00:32:14]} {[%emt 00:00:06]} Be5 {[%clk 00:46:02]} {[%emt
00:01:08]} 31. Bg5 {[%clk 00:32:30]} {[%emt 00:00:14]} Bf6 {[%clk 00:44:10]}
{[%emt 00:02:23]} 32. Bf4 {[%clk 00:32:44]} {[%emt 00:00:16]} Be5 {[%clk
00:44:23]} {[%emt 00:00:17]} 1/2-1/2

[Event "Hoogeveen Open"]
[Site "Hoogeveen, Netherlands"]
[Date "2018.10.25"]
[Round "7.23"]
[White "Elgersma, Onno"]
[Black "Boersma, Jan"]
[Result "0-1"]
[WhiteElo "2223"]
[BlackElo "2047"]

1. e4 {[%clk 01:30:57]} {[%emt 00:00:02]} c5 {[%clk 01:30:55]} {[%emt
00:00:05]} 2. Nf3 {[%clk 01:31:16]} {[%emt 00:00:11]} g6 {[%clk 01:31:18]}
{[%emt 00:00:06]} 3. c4 {[%clk 01:31:22]} {[%emt 00:00:25]} Nc6 {[%clk
01:31:42]} {[%emt 00:00:05]} 4. d4 {[%clk 01:31:48]} {[%emt 00:00:05]} cxd4
{[%clk 01:32:08]} {[%emt 00:00:04]} 5. Nxd4 {[%clk 01:32:14]} {[%emt 00:00:04]}
Nf6 {[%clk 01:32:32]} {[%emt 00:00:06]} 6. Nc3 {[%clk 01:32:26]} {[%emt
00:00:18]} d6 {[%clk 01:32:57]} {[%emt 00:00:04]} 7. Be2 {[%clk 01:32:37]}
{[%emt 00:00:20]} Nxd4 {[%clk 01:33:19]} {[%emt 00:00:07]} 8. Qxd4 {[%clk
01:33:02]} {[%emt 00:00:06]} Bg7 {[%clk 01:33:44]} {[%emt 00:00:05]} 9. Be3
{[%clk 01:32:35]} {[%emt 00:00:57]} O-O {[%clk 01:33:58]} {[%emt 00:00:16]} 10.
Qd2 {[%clk 01:32:35]} {[%emt 00:00:31]} Be6 {[%clk 01:34:17]} {[%emt 00:00:10]}
11. f3 {[%clk 01:28:22]} {[%emt 00:04:44]} Rc8 {[%clk 01:34:21]} {[%emt
00:00:26]} 12. Nd5 {[%clk 01:24:04]} {[%emt 00:04:49]} Bxd5 {[%clk 01:26:27]}
{[%emt 00:08:23]} 13. exd5 {[%clk 01:22:43]} {[%emt 00:01:51]} Nd7 {[%clk
01:26:01]} {[%emt 00:00:56]} 14. O-O {[%clk 01:22:30]} {[%emt 00:00:43]} a5
{[%clk 01:25:35]} {[%emt 00:00:56]} 15. Rab1 {[%clk 01:17:56]} {[%emt
00:05:05]} Nc5 {[%clk 01:24:47]} {[%emt 00:01:17]} 16. b3 {[%clk 01:17:04]}
{[%emt 00:01:22]} b6 {[%clk 01:19:35]} {[%emt 00:05:42]} 17. Rfc1 {[%clk
01:15:06]} {[%emt 00:02:27]} Qd7 {[%clk 01:12:36]} {[%emt 00:07:30]} 18. Bf1
{[%clk 01:13:44]} {[%emt 00:01:51]} Qf5 {[%clk 01:12:27]} {[%emt 00:00:39]} 19.
Re1 {[%clk 01:03:52]} {[%emt 00:10:22]} Rfe8 {[%clk 01:08:59]} {[%emt
00:03:59]} 20. a3 {[%clk 00:57:51]} {[%emt 00:06:32]} Ra8 {[%clk 01:01:52]}
{[%emt 00:07:38]} 21. Kh1 {[%clk 00:54:34]} {[%emt 00:03:45]} Be5 {[%clk
01:00:48]} {[%emt 00:01:32]} 22. Be2 {[%clk 00:49:49]} {[%emt 00:05:18]} h5
{[%clk 00:55:53]} {[%emt 00:05:24]} 23. Rec1 {[%clk 00:44:48]} {[%emt
00:05:31]} a4 {[%clk 00:53:48]} {[%emt 00:02:36]} 24. f4 {[%clk 00:31:22]}
{[%emt 00:13:55]} Bg7 {[%clk 00:42:02]} {[%emt 00:12:17]} 25. Bxc5 {[%clk
00:26:49]} {[%emt 00:05:03]} bxc5 {[%clk 00:41:23]} {[%emt 00:01:09]} 26. Rf1
{[%clk 00:25:43]} {[%emt 00:01:37]} axb3 {[%clk 00:39:12]} {[%emt 00:02:41]} 27.
Rxb3 {[%clk 00:25:57]} {[%emt 00:00:15]} Reb8 {[%clk 00:39:33]} {[%emt
00:00:09]} 28. Qd1 {[%clk 00:20:39]} {[%emt 00:05:47]} Bd4 {[%clk 00:32:37]}
{[%emt 00:07:26]} 29. Bd3 {[%clk 00:20:20]} {[%emt 00:00:51]} Qf6 {[%clk
00:30:27]} {[%emt 00:02:39]} 30. f5 {[%clk 00:16:10]} {[%emt 00:04:40]} Rxb3
{[%clk 00:29:48]} {[%emt 00:01:09]} 31. Qxb3 {[%clk 00:16:29]} {[%emt
00:00:11]} g5 {[%clk 00:30:13]} {[%emt 00:00:04]} 32. Re1 {[%clk 00:11:18]}
{[%emt 00:05:41]} Kg7 {[%clk 00:26:37]} {[%emt 00:04:07]} 33. a4 {[%clk
00:10:18]} {[%emt 00:01:30]} g4 {[%clk 00:26:29]} {[%emt 00:00:38]} 34. Qd1
{[%clk 00:07:55]} {[%emt 00:02:52]} Qh4 {[%clk 00:23:07]} {[%emt 00:03:51]} 35.
g3 {[%clk 00:03:29]} {[%emt 00:04:57]} Qg5 {[%clk 00:20:20]} {[%emt 00:03:17]}
36. Re4 {[%clk 00:03:45]} {[%emt 00:00:14]} Rxa4 {[%clk 00:18:52]} {[%emt
00:01:58]} 37. Bb1 {[%clk 00:00:33]} {[%emt 00:03:42]} Rb4 {[%clk 00:17:36]}
{[%emt 00:01:47]} 38. Bc2 {[%clk 00:00:35]} {[%emt 00:00:27]} Rxc4 {[%clk
00:17:06]} {[%emt 00:01:00]} 39. f6+ {[%clk 00:00:37]} {[%emt 00:00:28]} exf6
{[%clk 00:15:55]} {[%emt 00:01:40]} 40. Kg2 {[%clk 00:00:50]} {[%emt 00:00:16]}
Qxd5 {[%clk 00:15:27]} {[%emt 00:00:59]} 0-1